000 00772nam a2200229Ia 4500
003 GCL
008 140319s9999 xx 000 0 ara d
020 _a7018383977
040 _aGCL /
_cGCL
082 0 4 _aق
_b393.5
_bس ف
100 1 _aسليمان رجب سيد احمد
245 1 0 _aفن التحنيط لدى القدماء /
_cسليمان رجب سيد احمد
250 _aالاولى
260 _aالقاهرة :
_bايتراك للنشر والتوزيع ،
_c2005
300 _a201 ص ؛
_c24 سم
650 0 4 _aالحضارة الفرعونية
650 0 4 _aالاثار الفرعونية
650 0 4 _aالتحنيط عند الفراعنة
650 0 4 _aالمومياءات
650 0 4 _aقدماء المصريين
942 _2ddc
_cBK
999 _c44620
_d44620